| 000 | 00546cam a2200169 4500 | ||
|---|---|---|---|
| 005 | 20230620100457.0 | ||
| 008 | 050128t19981982mx 000 0 spa u | ||
| 020 | _a9684327501 | ||
| 050 | 0 | 4 |
_aKGF5404 _bG37 1998 |
| 100 | 1 | _aGarcía Ramírez, Sergio | |
| 245 | 1 | 0 |
_aJusticia penal _b: Estudios _c / Sergio García Ramírez ; prólogo Javier Piña y Palacios. |
| 250 | _a2a ed. | ||
| 260 |
_aMéxico : _bPorrúa, _c1998 |
||
| 300 |
_axxxi 270 p. ; _c22 cm. |
||
| 650 | 7 |
_2lemb _aAdministración de justicia penal _zMéxico |
|
| 942 |
_2lcc _cLIB |
||
| 999 |
_c132264 _d132264 |
||